000 00725nam a2200265 i 4500
001 C2-0275070
003 PPAK
005 20180728003935.0
008 061012s2005 ilua|||| ||||| | eng d
020 _a1593391374
040 _aPPAK
_beng
_cPPAK
_erda
082 0 4 _a032
_223
090 0 0 _a032
_bFOL
_dRLCK
245 0 0 _aFolkore and religions
264 1 _aChicago :
_bEncyclopadia Britannica ,
_c2005
300 _a96 pages :
_bcolour illustrations ;
_c29 cm
336 _2rdacontent
_atext
337 _2rdamedia
_aunmediated
338 _2rdacarrier
_avolume
490 1 _aMy first Britannica
500 _avol. 5
650 1 0 _aEncyclopedias and dictionaries.
830 0 _aMy first Britannica
942 _ddc
_cB
999 _c82761
_d82761